|
|
|
|
| LEADER |
00000nas a2200000 a 4500 |
| 001 |
ssj0001557235 |
| 003 |
WaSeSS |
| 005 |
20200512172242.0 |
| 006 |
m d |
| 007 |
cr n |
| 008 |
100114c20099999ii fr p s 0 0eng |
| 010 |
|
|
|a 2009347411
|
| 016 |
7 |
|
|a 2512321-X
|2 DE-600
|
| 016 |
7 |
|
|a 016450459
|2 Uk
|
| 022 |
|
|
|l 0974-4053
|y 0974-4053
|
| 025 |
|
|
|a I-E-E-2009-347411; 63-91
|
| 035 |
|
|
|a (WaSeSS)ssj0001557235
|
| 040 |
|
|
|a DLC
|b eng
|c DLC
|d INU
|d HEBIS
|d OCLCQ
|d HNK
|d OCLCQ
|d OCLCF
|d OCLCO
|d CLU
|d DLC
|d COO
|d DLC
|d OCLCQ
|d UKMGB
|d WaSeSS
|
| 042 |
|
|
|a pcc
|
| 043 |
|
|
|a f------
|
| 050 |
0 |
0 |
|a DT1
|b .A347
|
| 130 |
0 |
|
|a Africa review (New Delhi, India)
|
| 210 |
0 |
|
|a Afr. rev.
|b (New Delhi)
|
| 222 |
|
0 |
|a Africa review
|b (New Delhi)
|
| 245 |
1 |
0 |
|a Africa review
|h [electronic resource] :
|b journal of African Studies Association of India.
|
| 260 |
|
|
|3 2009- :
|a New Delhi :
|b MD Publications Pvt. Ltd. on behalf of African Studies Association of India,
|c [2009]-
|
| 260 |
|
|
|3 July/Dec. 2015- :
|a Oxfordshire, UK :
|b Routledge, Taylor & Francis Ltd
|
| 310 |
|
|
|a Semiannual
|
| 362 |
0 |
|
|a Vol. 1, no. 1 (Jan./June 2009)-
|
| 506 |
|
|
|a License restrictions may limit access.
|
| 588 |
|
|
|a Description based on: Vol. 1, no. 1 (Jan./June 2009); title from cover.
|
| 588 |
|
|
|a Latest issue consulted: Volume 7, number 2 (July/December 2015).
|
| 651 |
|
0 |
|a Africa
|v Periodicals.
|
| 651 |
|
0 |
|a Africa
|x History
|v Periodicals.
|
| 651 |
|
7 |
|a Africa.
|2 fast
|0 (OCoLC)fst01239509
|
| 655 |
|
0 |
|a Electronic journals.
|
| 710 |
2 |
|
|a African Studies Association of India.
|
| 850 |
|
|
|a DLC
|
| 856 |
4 |
0 |
|z Full text available from Research Library: 07/01/2010 to 07/31/2015
|u https://search.proquest.com/publication/506318
|